| 000 | 00818nam a22002177a 4500 | ||
|---|---|---|---|
| 999 |
_c19806 _d19806 |
||
| 003 | AR-CdUCM | ||
| 008 | 190319b ||||| |||| 00| 0 spa d | ||
| 040 |
_aMUNICIPALIDAD PROVINCIAL DEL CUSCO _cBIBLIOTECA MUNICIPAL DEL CUSCO |
||
| 082 |
_a400 / _bAL45 |
||
| 100 |
_aAlonso, Amado _914216 |
||
| 245 |
_aEstudios lingüísticos : _bTemas hispanoamericanos / |
||
| 260 |
_aMadrid : _bGredos, _c1981. |
||
| 300 |
_a358 páginas ; _c24 cm. |
||
| 440 |
_aBiblioteca Románica hispana _nII Estudio y ensayos _941424 |
||
| 505 | _aContenido : La base de la lingüística del español americano -- Americanismo en la forma interior del lenguaje -- Orígenes de seseo americano... | ||
| 650 |
_aLingüística _91640 |
||
| 650 |
_aOrigen del seseo _941425 |
||
| 650 |
_aEspaña _9176 |
||
| 942 |
_2ddc _cLIBROS |
||
| 945 | _arcc | ||